[Event "Muensterland Verbandsliga Gr1 2223"]
[Site "Germany"]
[Date "2023.02.11"]
[Round "5.5"]
[White "Kruempelmann, Uwe"]
[Black "Keller, Hansjuergen"]
[Result "1-0"]
[WhiteElo "1780"]
[BlackElo "1627"]
[PlyCount "51"]
[EventDate "2022.09.10"]
[EventType "team-tourn"]
[EventRounds "5"]
[EventCountry "GER"]
[SourceTitle "EXT 2024"]
[Source "ChessBase"]
[SourceDate "2023.10.10"]
[SourceVersion "1"]
[SourceVersionDate "2023.10.10"]
[SourceQuality "1"]
[WhiteTeam "Rheine Klein Berlin II"]
[BlackTeam "Nordwalde"]
[WhiteTeamCountry "GER"]
[BlackTeamCountry "GER"]

1. d4 d5 2. c4 e6 3. Nc3 Nf6 4. Bg5 Nbd7 5. e3 Be7 6. Nf3 h6 7. Bh4 0-0 8. Be2 dxc4 9. Bxc4 c5 10. 0-0 b6 11. Rc1 Bb7 12. Bg3 Ne4 13. Nxe4 Bxe4 14. d5 exd5 15. Bxd5 Bxd5 16. Qxd5 Nf6 17. Qc4 Qd5 18. Qa4 Rfc8 19. Rfd1 Qb7 20. Ne5 b5 21. Qb3 c4 22. Nxc4 Qc6 23. Nd2 Qxc1 24. Rxc1 Rxc1+ 25. Nf1 Ne4 26. Qd5 1-0

[Event "Muensterland Verbandsliga Gr1 2223"]
[Site "Germany"]
[Date "2022.09.10"]
[Round "1.4"]
[White "Klausmeier, Achim"]
[Black "Keller, Hansjuergen"]
[Result "1/2-1/2"]
[WhiteElo "1633"]
[BlackElo "1627"]
[PlyCount "51"]
[EventDate "2022.09.10"]
[EventType "team-tourn"]
[EventRounds "5"]
[EventCountry "GER"]
[SourceTitle "EXT 2024"]
[Source "ChessBase"]
[SourceDate "2023.10.10"]
[SourceVersion "1"]
[SourceVersionDate "2023.10.10"]
[SourceQuality "1"]
[WhiteTeam "Ibbenbueren"]
[BlackTeam "Nordwalde"]
[WhiteTeamCountry "GER"]
[BlackTeamCountry "GER"]

1. e4 c5 2. Nf3 d6 3. d4 cxd4 4. Nxd4 Nf6 5. Nc3 a6 6. Be2 e5 7. Nb3 Be6 8. 0-0 Be7 9. Be3 0-0 10. Kh1 Nbd7 11. f4 exf4 12. Bxf4 Ne5 13. Nd4 Qd7 14. Bxe5 dxe5 15. Nxe6 Qxe6 16. Bf3 Rfd8 17. Qe2 b5 18. Nd5 Nxd5 19. exd5 Qd6 20. Be4 g6 21. g4 Bf8 22. Qf3 Ra7 23. a4 b4 24. b3 Bh6 25. Rad1 Bf4 26. Rd3 1/2-1/2

[Event "GER-ch Net Amateur Gr-B Vor3"]
[Site "Playchess.com INT"]
[Date "2020.04.16"]
[Round "6"]
[White "Elpelt, Frank"]
[Black "Keller, Hansjuergen"]
[Result "0-1"]
[WhiteElo "1385"]
[BlackElo "1349"]
[PlyCount "108"]
[EventDate "2020.04.16"]
[EventType "swiss (blitz)"]
[EventRounds "9"]
[EventCountry "GER"]
[SourceTitle "CBM 195 Extra"]
[Source "ChessBase"]
[SourceDate "2020.05.31"]
[SourceVersion "1"]
[SourceVersionDate "2020.05.31"]
[SourceQuality "1"]

1. c4 e6 2. e3 d5 3. Nf3 Nf6 4. Nc3 Bd6 5. cxd5 exd5 6. Be2 c6 7. 0-0 0-0 8. b3 Bg4 9. h3 Bh5 10. Nd4 Bxe2 11. Qxe2 Nbd7 12. Bb2 Re8 13. Nf3 Nc5 14. d4 Nce4 15. Nxe4 Nxe4 16. Nd2 Qc7 17. Nxe4 dxe4 18. f3 exf3 19. Qxf3 Qe7 20. Rae1 f6 21. Qg4 Kh8 22. Qf5 Bb4 23. Re2 Qe4 24. Qxe4 Rxe4 25. Rd1 Rae8 26. Rd3 Ba5 27. Bc3 Bb6 28. Bb4 f5 29. g3 Bc7 30. Kg2 Kg8 31. Kf3 Kf7 32. Bc5 b6 33. Bb4 g5 34. Bc3 f4 35. gxf4 gxf4 36. Bd2 fxe3 37. Rdxe3 Rxe3+ 38. Rxe3 Rxe3+ 39. Bxe3 Ke6 40. Ke4 Bg3 41. a3 h5 42. b4 b5 43. Bc1 h4 44. Bb2 Bd6 45. Kf3 Be7 46. Ke4 Bf6 47. Bc3 a6 48. Bb2 Bg5 49. Kf3 Kd5 50. Kg4 Bd8 51. Kf3 Bf6 52. Kg4 Ke4 53. Bc3 Kd3 54. Bb2 Kc4 0-1

[Event "GER-ch Net Amateur Gr-B Vor3"]
[Site "Playchess.com INT"]
[Date "2020.04.16"]
[Round "8"]
[White "Keller, Hansjuergen"]
[Black "Apelt, Andreas"]
[Result "1-0"]
[WhiteElo "1349"]
[BlackElo "1308"]
[PlyCount "89"]
[EventDate "2020.04.16"]
[EventType "swiss (blitz)"]
[EventRounds "9"]
[EventCountry "GER"]
[SourceTitle "CBM 195 Extra"]
[Source "ChessBase"]
[SourceDate "2020.05.31"]
[SourceVersion "1"]
[SourceVersionDate "2020.05.31"]
[SourceQuality "1"]

1. d4 Nf6 2. Bf4 e6 3. Nf3 c5 4. e3 d5 5. c3 Nc6 6. Bd3 Bd6 7. Bg5 h6 8. Bh4 Bd7 9. Nbd2 cxd4 10. exd4 Qc7 11. 0-0 Ng4 12. Bg3 Bxg3 13. hxg3 h5 14. Nh4 g5 15. Nhf3 f6 16. Nh2 Nxh2 17. Kxh2 h4 18. Kg1 hxg3 19. fxg3 Qxg3 20. Qf3 Qh2+ 21. Kf2 Qh4+ 22. Ke2 f5 23. Bb5 0-0-0 24. Bxc6 Bxc6 25. Kd1 g4 26. Qf2 Qg5 27. Kc2 Rh2 28. Rh1 g3 29. Qe2 Qg6 30. Rxh2 gxh2 31. Rh1 Rh8 32. Nf3 f4+ 33. Kc1 Qh5 34. Qxe6+ Kc7 35. Qe7+ Kb6 36. Qe2 Qg4 37. Qf2 Qg3 38. Qd2 Bd7 39. Ne5 Bg4 40. Nxg4 Qxg4 41. Qf2 Qg3 42. Qd2 Qe3 43. Qxe3 fxe3 44. Kd1 Re8 45. Ke2 1-0

[Event "GER-ch Net Amateur Gr-B Vor3"]
[Site "Playchess.com INT"]
[Date "2020.04.16"]
[Round "4"]
[White "Keller, Hansjuergen"]
[Black "Lange, Martin2222"]
[Result "1/2-1/2"]
[WhiteElo "1349"]
[BlackElo "1506"]
[PlyCount "76"]
[EventDate "2020.04.16"]
[EventType "swiss (blitz)"]
[EventRounds "9"]
[EventCountry "GER"]
[SourceTitle "CBM 195 Extra"]
[Source "ChessBase"]
[SourceDate "2020.05.31"]
[SourceVersion "1"]
[SourceVersionDate "2020.05.31"]
[SourceQuality "1"]

1. d4 Nf6 2. Bf4 g6 3. Nc3 Bg7 4. e4 d6 5. Qd2 0-0 6. Bh6 c5 7. Bxg7 Kxg7 8. d5 Nbd7 9. Nf3 Nb6 10. Bd3 e6 11. dxe6 Bxe6 12. 0-0 d5 13. exd5 Nfxd5 14. Nxd5 Nxd5 15. Bc4 Nc7 16. Bxe6 Nxe6 17. Rad1 Qxd2 18. Rxd2 Rfd8 19. Rfd1 Rxd2 20. Rxd2 Rd8 21. Rxd8 Nxd8 22. Kf1 Kf6 23. c4 Nc6 24. Ke2 Ne5 25. Nxe5 Kxe5 26. Ke3 g5 27. g3 f5 28. f3 h5 29. b3 a6 30. f4+ gxf4+ 31. gxf4+ Kd6 32. h4 b5 33. Kd3 b4 34. Ke3 a5 35. Kd3 Ke6 36. Ke3 Kd6 37. Kd3 Ke6 38. Ke3 Kd6 1/2-1/2

[Event "GER-ch Net Amateur Gr-B Vor3"]
[Site "Playchess.com INT"]
[Date "2020.04.16"]
[Round "3"]
[White "Mader, Fabian"]
[Black "Keller, Hansjuergen"]
[Result "1-0"]
[WhiteElo "1540"]
[BlackElo "1349"]
[PlyCount "63"]
[EventDate "2020.04.16"]
[EventType "swiss (blitz)"]
[EventRounds "9"]
[EventCountry "GER"]
[SourceTitle "CBM 195 Extra"]
[Source "ChessBase"]
[SourceDate "2020.05.31"]
[SourceVersion "1"]
[SourceVersionDate "2020.05.31"]
[SourceQuality "1"]

1. e4 c5 2. Nf3 Nc6 3. Bb5 d6 4. 0-0 Bd7 5. c3 g6 6. d4 cxd4 7. cxd4 Bg7 8. Bxc6 Bxc6 9. d5 Bd7 10. Nc3 Nf6 11. Be3 b6 12. Re1 0-0 13. Qe2 Ng4 14. Bf4 Ne5 15. Nxe5 dxe5 16. Be3 a6 17. Rad1 Bb5 18. Nxb5 axb5 19. Qxb5 Rxa2 20. Bxb6 Qa8 21. Qe2 Qb7 22. Be3 Rxb2 23. Rd2 Rxd2 24. Qxd2 Rb8 25. h3 Rc8 26. Rc1 Rxc1+ 27. Qxc1 h5 28. Qc6 Qb1+ 29. Kh2 Qxe4 30. Qe8+ Kh7 31. Qxf7 Qxd5 32. Qxd5 1-0

[Event "GER-ch Net Amateur Gr-B Vor2"]
[Site "Playchess.com INT"]
[Date "2020.04.15"]
[Round "6"]
[White "Keller, Hansjuergen"]
[Black "Alber, Jens Markus"]
[Result "1-0"]
[WhiteElo "1386"]
[BlackElo "1478"]
[PlyCount "131"]
[EventDate "2020.04.15"]
[EventType "swiss (blitz)"]
[EventRounds "9"]
[EventCountry "GER"]
[SourceTitle "CBM 196 Extra"]
[Source "ChessBase"]
[SourceDate "2020.07.31"]
[SourceVersion "1"]
[SourceVersionDate "2020.07.31"]
[SourceQuality "1"]

1. d4 Nf6 2. Bf4 e6 3. e3 d5 4. Nd2 c5 5. c3 Nc6 6. Ngf3 cxd4 7. exd4 Bd6 8. Bg5 0-0 9. Bd3 e5 10. dxe5 Nxe5 11. Nxe5 Bxe5 12. 0-0 Qd6 13. h3 b6 14. Nf3 Bf4 15. Bxf4 Qxf4 16. Re1 Ne4 17. Re3 Be6 18. Bxe4 dxe4 19. Nd4 Bc4 20. b3 Bd3 21. Qg4 Qxg4 22. hxg4 g6 23. Rae1 f5 24. f3 Rac8 25. c4 a6 26. gxf5 g5 27. fxe4 Rcd8 28. Ne6 Rfe8 29. Nxd8 Rxd8 30. e5 Bxf5 31. e6 Re8 32. e7 Kf7 33. Kf2 h5 34. g3 Bg6 35. b4 Kg7 36. c5 bxc5 37. bxc5 Bf5 38. c6 Bc8 39. c7 a5 40. a3 a4 41. Kg2 Kf7 42. Kf2 Kg7 43. Re5 Kg6 44. Rd5 Kf6 45. Rd8 Rxe7 46. Rxe7 Kxe7 47. Rxc8 Kd7 48. Rg8 Kxc7 49. Rxg5 h4 50. gxh4 Kd6 51. h5 Ke6 52. h6 Kf6 53. Rg3 Kf7 54. h7 Ke6 55. h8Q Kf5 56. Qf8+ Ke6 57. Re3+ Kd7 58. Qf7+ Kc6 59. Qe6+ Kc5 60. Rc3+ Kb5 61. Qc4+ Kb6 62. Qb4+ Ka6 63. Rc6+ Ka7 64. Qa5+ Kb7 65. Qb6+ Ka8 66. Rc8# 1-0

[Event "GER-ch Net Amateur Gr-B Vor2"]
[Site "Playchess.com INT"]
[Date "2020.04.15"]
[Round "1"]
[White "Keller, Hansjuergen"]
[Black "Kurzynsky, Mirko"]
[Result "0-1"]
[WhiteElo "1396"]
[BlackElo "1628"]
[PlyCount "40"]
[EventDate "2020.04.15"]
[EventType "swiss (blitz)"]
[EventRounds "9"]
[EventCountry "GER"]
[SourceTitle "CBM 196 Extra"]
[Source "ChessBase"]
[SourceDate "2020.07.31"]
[SourceVersion "1"]
[SourceVersionDate "2020.07.31"]
[SourceQuality "1"]

1. d4 Nf6 2. Bf4 g6 3. Nc3 d5 4. e3 Bg7 5. Nf3 Nh5 6. Bg3 Nxg3 7. hxg3 h6 8. Be2 c5 9. Bb5+ Bd7 10. Bxd7+ Qxd7 11. Qd3 Nc6 12. dxc5 0-0-0 13. 0-0-0 e6 14. Nb5 Kb8 15. Nd6 Bf8 16. Nb5 Bxc5 17. Nc3 Rc8 18. Nd4 Ne5 19. Kb1 Nxd3 20. Rxd3 a6 0-1

[Event "GER-ch Net Amateur Gr-B Vor1"]
[Site "Playchess.com INT"]
[Date "2020.04.14"]
[Round "9"]
[White "Keller, Hansjuergen"]
[Black "Skoerys, Michael"]
[Result "0-1"]
[WhiteElo "1407"]
[BlackElo "1526"]
[PlyCount "60"]
[EventDate "2020.04.14"]
[EventType "swiss (blitz)"]
[EventRounds "9"]
[EventCountry "GER"]
[SourceTitle "EXT 2021"]
[Source "ChessBase"]
[SourceDate "2020.10.23"]
[SourceVersion "1"]
[SourceVersionDate "2020.10.23"]
[SourceQuality "1"]

1. d4 d5 2. Bf4 Nf6 3. e3 e6 4. Nf3 c5 5. c3 Nc6 6. Bd3 cxd4 7. exd4 Bd6 8. Bg5 Be7 9. 0-0 Bd7 10. Nbd2 a6 11. Ne5 h6 12. Bh4 Rc8 13. Rc1 0-0 14. Nxd7 Nxd7 15. Bxe7 Qxe7 16. Nf3 Nf6 17. Ne5 Rfd8 18. f4 b5 19. a3 Na5 20. f5 Nc4 21. Nxc4 bxc4 22. fxe6 cxd3 23. exf7+ Qxf7 24. Qxd3 Qe7 25. Qxa6 Rf8 26. Rce1 Ne4 27. Rxf8+ Rxf8 28. Qb5 Qf7 29. Qd3 Qf2+ 30. Kh1 Qxe1+ 0-1

[Event "Muensterland Verbandsklasse 1819"]
[Site "Germany"]
[Date "2019.05.18"]
[Round "9.7"]
[White "Engfer, Klaus"]
[Black "Keller, Hansjuergen"]
[Result "1/2-1/2"]
[WhiteElo "1581"]
[BlackElo "1653"]
[PlyCount "48"]
[EventDate "2018.09.15"]
[EventType "team-tourn"]
[EventRounds "9"]
[EventCountry "GER"]
[SourceTitle "EXT 2020"]
[Source "ChessBase"]
[SourceDate "2019.10.17"]
[SourceVersion "1"]
[SourceVersionDate "2019.10.17"]
[SourceQuality "1"]
[WhiteTeam "Rheine Klein Berlin II"]
[BlackTeam "Nordwalde"]
[WhiteTeamCountry "GER"]
[BlackTeamCountry "GER"]

1. e4 c5 2. Nf3 Nc6 3. d4 cxd4 4. Nxd4 g6 5. Nxc6 bxc6 6. Nc3 Bg7 7. Bd2 d6 8. Bc4 Nf6 9. 0-0 0-0 10. Rb1 d5 11. exd5 cxd5 12. Bb3 e6 13. Be3 a5 14. Ba4 Bd7 15. Bxd7 Qxd7 16. Bd4 Rfc8 17. Qd3 Qc6 18. f3 Nh5 19. Bxg7 Nxg7 20. Rfc1 Nf5 21. Qb5 Nd4 22. Qd3 Qc4 23. Kf2 Qxd3 24. cxd3 Nc6 1/2-1/2

[Event "Muensterland Verbandsklasse 1819"]
[Site "Germany"]
[Date "2019.04.06"]
[Round "8.6"]
[White "Hagemann, Lars"]
[Black "Keller, Hansjuergen"]
[Result "1/2-1/2"]
[WhiteElo "1704"]
[BlackElo "1653"]
[PlyCount "111"]
[EventDate "2018.09.15"]
[EventType "team-tourn"]
[EventRounds "9"]
[EventCountry "GER"]
[SourceTitle "EXT 2020"]
[Source "ChessBase"]
[SourceDate "2019.10.17"]
[SourceVersion "1"]
[SourceVersionDate "2019.10.17"]
[SourceQuality "1"]
[WhiteTeam "Nienberge II"]
[BlackTeam "Nordwalde"]
[WhiteTeamCountry "GER"]
[BlackTeamCountry "GER"]

1. e4 c5 2. Nf3 Nc6 3. d4 cxd4 4. Nxd4 g6 5. Nc3 Bg7 6. Be3 d6 7. Qd2 Nf6 8. f3 0-0 9. 0-0-0 Nxd4 10. Bxd4 Be6 11. Kb1 Qa5 12. Nd5 Qxd2 13. Nxe7+ Kh8 14. Rxd2 Rfe8 15. Bxf6 Bxf6 16. Nd5 Bxd5 17. Rxd5 Be7 18. Bb5 Rec8 19. Rhd1 a6 20. Ba4 Rc7 21. Bb3 f6 22. f4 Rac8 23. g4 Kg7 24. e5 dxe5 25. fxe5 fxe5 26. Rxe5 Bc5 27. Red5 Re7 28. Rd7 Rc7 29. Rxc7 Rxc7 30. c3 Re7 31. Bd5 a5 32. h4 b6 33. h5 gxh5 34. gxh5 Bf2 35. Kc2 h6 36. Rd2 Bh4 37. Bc6 Bg5 38. Rd6 Rf7 39. Rg6+ Kf8 40. b4 axb4 41. cxb4 Rf6 42. Kd3 Rxg6 43. hxg6 h5 44. a4 h4 45. Ke2 Be7 46. a5 bxa5 47. bxa5 Bc5 48. a6 Kg7 49. Be4 Kf6 50. Kf3 Ba7 51. Kg4 Bf2 52. Bd3 Kg7 53. Kg5 h3 54. Kf5 h2 55. Be4 Ba7 56. Kg5 1/2-1/2

[Event "GER-ch Seniors 65"]
[Site "Hamburg"]
[Date "2018.07.27"]
[Round "7"]
[White "Zimmermann, Manfred"]
[Black "Keller, Hansjuergen"]
[Result "1/2-1/2"]
[WhiteElo "1957"]
[BlackElo "1786"]
[PlyCount "105"]
[EventDate "2018.07.21"]
[EventType "swiss"]
[EventRounds "9"]
[EventCountry "GER"]
[SourceTitle "CBM 186 Extra"]
[Source "ChessBase"]
[SourceDate "2018.08.24"]
[SourceVersion "1"]
[SourceVersionDate "2018.08.24"]
[SourceQuality "1"]

1. d4 d5 2. Nf3 e6 3. e3 Nf6 4. Bd3 Bd6 5. Nbd2 0-0 6. b3 c5 7. Bb2 Nc6 8. Ne5 cxd4 9. exd4 Qc7 10. Nxc6 bxc6 11. Nf3 a5 12. Qe2 Qb6 13. 0-0 Ba6 14. c4 Qb7 15. Ne5 Rfc8 16. Qc2 c5 17. Qe2 cxd4 18. Bxd4 Qe7 19. Rac1 Bc5 20. Ba1 dxc4 21. Nxc4 Bxc4 22. Rxc4 Ba3 23. Rh4 h6 24. Qf3 Bc1 25. Be5 Bg5 26. Rh3 Nd5 27. Rg3 Bf6 28. Qe4 g6 29. Rh3 Kg7 30. f4 Qb4 31. Rhf3 Qxe4 32. Bxe4 Bxe5 33. fxe5 Ra7 34. Bxd5 exd5 35. Rd1 Rc5 36. Rfd3 Rd7 37. Kf2 d4 38. Kf3 Rxe5 39. Rxd4 Rde7 40. R1d2 Re3+ 41. Kf2 R3e5 42. Rd5 f5 43. Rxe5 Rxe5 44. a3 Kf6 45. h4 Ke6 46. g3 Rc5 47. Rb2 Ke5 48. Re2+ Kd5 49. Rd2+ Ke5 50. b4 axb4 51. axb4 Rb5 52. Rb2 Kd4 53. Rd2+ 1/2-1/2

[Event "GER-ch Seniors 65"]
[Site "Hamburg"]
[Date "2018.07.25"]
[Round "5"]
[White "Lainburg, Viktor"]
[Black "Keller, Hansjuergen"]
[Result "1/2-1/2"]
[WhiteElo "1958"]
[BlackElo "1786"]
[PlyCount "60"]
[EventDate "2018.07.21"]
[EventType "swiss"]
[EventRounds "9"]
[EventCountry "GER"]
[SourceTitle "CBM 186 Extra"]
[Source "ChessBase"]
[SourceDate "2018.08.24"]
[SourceVersion "1"]
[SourceVersionDate "2018.08.24"]
[SourceQuality "1"]

1. d4 d5 2. Nf3 e6 3. g3 Nf6 4. Bg2 c5 5. e3 Nc6 6. 0-0 Bd6 7. b3 cxd4 8. exd4 0-0 9. Bb2 b6 10. Re1 Bb7 11. Nbd2 Rc8 12. Ne5 Qc7 13. Nxc6 Bxc6 14. Rc1 Qb7 15. f4 Qa6 16. a3 b5 17. Bf1 Qb7 18. Bd3 b4 19. a4 Rfe8 20. Qf3 Qc7 21. Re2 g6 22. Rce1 Bf8 23. g4 Bg7 24. g5 Nh5 25. Rf2 Bf8 26. Nf1 Bd6 27. f5 exf5 28. Rxe8+ Rxe8 29. Bxf5 Ng7 30. Bd3 Qe7 1/2-1/2

[Event "GER-ch Seniors 65"]
[Site "Hamburg"]
[Date "2018.07.21"]
[Round "1"]
[White "Haselhorst, Helmut"]
[Black "Keller, Hansjuergen"]
[Result "1/2-1/2"]
[WhiteElo "2143"]
[BlackElo "1786"]
[PlyCount "52"]
[EventDate "2018.07.21"]
[EventType "swiss"]
[EventRounds "9"]
[EventCountry "GER"]
[SourceTitle "CBM 186 Extra"]
[Source "ChessBase"]
[SourceDate "2018.08.24"]
[SourceVersion "1"]
[SourceVersionDate "2018.08.24"]
[SourceQuality "1"]

1. d4 d5 2. Nf3 e6 3. c4 Nf6 4. g3 dxc4 5. Qa4+ Bd7 6. Qxc4 Bc6 7. Bg2 Nbd7 8. 0-0 Nb6 9. Qc2 Bd6 10. Nc3 0-0 11. b3 Nbd5 12. Bb2 Nxc3 13. Bxc3 Qe7 14. Rad1 Be4 15. Qc1 Rfd8 16. Bb2 Rac8 17. Qe3 Bd5 18. Rc1 Ng4 19. Qd3 Nf6 20. Rfd1 Ba3 21. Qb1 Bxb2 22. Qxb2 Qe8 23. Ne5 Bxg2 24. Kxg2 c5 25. dxc5 Rxd1 26. Rxd1 Rxc5 1/2-1/2

[Event "Muensterland Verbandsklasse 1617"]
[Site "Germany"]
[Date "2017.05.20"]
[Round "9.8"]
[White "Janocha, Hans Dieter"]
[Black "Keller, Hansjuergen"]
[Result "1/2-1/2"]
[WhiteElo "1534"]
[BlackElo "1620"]
[PlyCount "34"]
[EventDate "2016.09.24"]
[EventType "team"]
[EventRounds "9"]
[EventCountry "GER"]
[SourceTitle "EXT 2018"]
[Source "ChessBase"]
[SourceDate "2017.10.13"]
[SourceVersion "1"]
[SourceVersionDate "2017.10.13"]
[SourceQuality "1"]
[WhiteTeam "Muenster Indische Dame"]
[BlackTeam "Nordwalde"]
[WhiteTeamCountry "GER"]
[BlackTeamCountry "GER"]

1. Nf3 d5 2. d3 Nf6 3. Nbd2 e6 4. g3 c5 5. c4 Nc6 6. Bg2 Be7 7. 0-0 0-0 8. a3 b6 9. b3 Bb7 10. Bb2 Qc7 11. cxd5 exd5 12. Nh4 Rad8 13. Nf5 Rfe8 14. Nf3 d4 15. Nxe7+ Qxe7 16. Re1 Qd6 17. Qd2 h6 1/2-1/2

[Event "Muensterland Verbandsklasse 1617"]
[Site "Germany"]
[Date "2016.12.10"]
[Round "4.8"]
[White "Keller, Hansjuergen"]
[Black "Blanke, Martin"]
[Result "1/2-1/2"]
[WhiteElo "1620"]
[BlackElo "1672"]
[PlyCount "46"]
[EventDate "2016.09.24"]
[EventType "team"]
[EventRounds "9"]
[EventCountry "GER"]
[SourceTitle "EXT 2018"]
[Source "ChessBase"]
[SourceDate "2017.10.13"]
[SourceVersion "1"]
[SourceVersionDate "2017.10.13"]
[SourceQuality "1"]
[WhiteTeam "Nordwalde"]
[BlackTeam "Metelen"]
[WhiteTeamCountry "GER"]
[BlackTeamCountry "GER"]

1. d4 Nf6 2. Nf3 e6 3. Bf4 c5 4. e3 Nc6 5. c3 Be7 6. Bd3 b6 7. h3 Bb7 8. 0-0 0-0 9. Nbd2 Rc8 10. Ne5 Nxe5 11. Bxe5 d6 12. Bxf6 Bxf6 13. Nf3 h6 14. dxc5 bxc5 15. Qe2 d5 16. Ba6 Bxa6 17. Qxa6 Qb6 18. Qxb6 axb6 19. Rfd1 Rfd8 20. Rd2 Rc7 21. Rad1 Ra8 22. a3 Ra4 23. Ne1 g5 1/2-1/2

[Event "GER-chT Betriebe 16th"]
[Site "Dresden"]
[Date "2016.11.05"]
[Round "6.4"]
[White "Wuenschmann, Bernd"]
[Black "Keller, Hansjuergen"]
[Result "1/2-1/2"]
[WhiteElo "1858"]
[BlackElo "1709"]
[PlyCount "55"]
[EventDate "2016.11.03"]
[EventType "team-swiss"]
[EventRounds "7"]
[EventCountry "GER"]
[SourceTitle "EXT 2020"]
[Source "ChessBase"]
[SourceDate "2019.10.17"]
[SourceVersion "1"]
[SourceVersionDate "2019.10.17"]
[SourceQuality "1"]
[WhiteTeam "Altenberg Europark"]
[BlackTeam "Duesseldorf Provinzial"]
[WhiteTeamCountry "GER"]
[BlackTeamCountry "GER"]

1. b4 e6 2. Bb2 Nf6 3. a3 d5 4. d4 Be7 5. e3 0-0 6. Nd2 b6 7. c4 dxc4 8. Nxc4 Bb7 9. Nf3 Nbd7 10. Be2 Ne4 11. 0-0 Nd6 12. Ncd2 Bf6 13. Qc2 c5 14. dxc5 Bxb2 15. Qxb2 bxc5 16. bxc5 Nxc5 17. Qb4 Qb6 18. Rfc1 Rfc8 19. Rcb1 Rab8 20. Qd4 Qc6 21. a4 Nf5 22. Qf4 Qd7 23. a5 Qd6 24. Qxd6 Nxd6 25. Nd4 Ba6 26. Rxb8 Rxb8 27. Bf3 Rb2 28. Rd1 1/2-1/2

[Event "Muensterland Verbandsklasse 1516"]
[Site "Germany"]
[Date "2016.03.12"]
[Round "7.7"]
[White "Keller, Hansjuergen"]
[Black "Dittberner, Markus"]
[Result "1/2-1/2"]
[WhiteElo "1590"]
[BlackElo "1642"]
[PlyCount "95"]
[EventDate "2015.09.19"]
[EventType "team"]
[EventRounds "9"]
[EventCountry "GER"]
[SourceTitle "EXT 2017"]
[Source "ChessBase"]
[SourceDate "2016.10.25"]
[SourceVersion "1"]
[SourceVersionDate "2016.10.25"]
[SourceQuality "1"]
[WhiteTeam "Nordwalde"]
[BlackTeam "Muenster Indische Dame"]
[WhiteTeamCountry "GER"]
[BlackTeamCountry "GER"]

1. d4 Nf6 2. Nf3 g6 3. c4 Bg7 4. Nc3 0-0 5. Bf4 d6 6. e3 Nbd7 7. h3 b6 8. Be2 Bb7 9. 0-0 Re8 10. Qc2 e5 11. dxe5 Nxe5 12. Nxe5 dxe5 13. Rad1 Qe7 14. Bg5 Qe6 15. Bxf6 Qxf6 16. e4 c6 17. Rd7 Re7 18. Rfd1 h5 19. R1d6 Qg5 20. Qd1 Rae8 21. Rxe7 Rxe7 22. Qd2 Bh6 23. Qxg5 Bxg5 24. Bd1 Bc1 25. b3 Bb2 26. Ne2 Ba3 27. Rd8+ Kg7 28. Bc2 Kf6 29. Kf1 Ke6 30. Ng3 Rd7 31. Rxd7 Kxd7 32. Ke2 Ke6 33. Bd3 h4 34. Nf1 f5 35. Ne3 f4 36. Nc2 Bb2 37. Kf3 g5 38. Kg4 Kf6 39. Kf3 Bc8 40. Nb4 Bd7 41. Ke2 Bc3 42. Nc2 g4 43. hxg4 Bxg4+ 44. f3 Bd7 45. Na3 h3 46. gxh3 Bxh3 47. Nc2 a6 48. Kf2 1/2-1/2

[Event "Muensterland Verbandsklasse 1516"]
[Site "Germany"]
[Date "2016.02.20"]
[Round "6.6"]
[White "Keller, Hansjuergen"]
[Black "Scharlow, Siegmar"]
[Result "1/2-1/2"]
[WhiteElo "1590"]
[BlackElo "1776"]
[PlyCount "80"]
[EventDate "2015.09.19"]
[EventType "team"]
[EventRounds "9"]
[EventCountry "GER"]
[SourceTitle "EXT 2017"]
[Source "ChessBase"]
[SourceDate "2016.10.25"]
[SourceVersion "1"]
[SourceVersionDate "2016.10.25"]
[SourceQuality "1"]
[WhiteTeam "Nordwalde"]
[BlackTeam "Nienberge II"]
[WhiteTeamCountry "GER"]
[BlackTeamCountry "GER"]

1. d4 Nf6 2. Nf3 d5 3. Bf4 e6 4. e3 Be7 5. Bd3 Nh5 6. Bg3 Nxg3 7. hxg3 h6 8. Nbd2 c5 9. c3 cxd4 10. exd4 Nc6 11. Qe2 0-0 12. Ne5 Nxe5 13. dxe5 f5 14. Nf3 Bd7 15. Bb5 a6 16. Bxd7 Qxd7 17. 0-0 b5 18. Rac1 Rac8 19. Nd4 Bc5 20. Rfd1 Rc7 21. Nf3 Rfc8 22. a3 g5 23. Nd4 Bxd4 24. Rxd4 Rc4 25. Rcd1 Rxd4 26. Rxd4 Rc4 27. Qd3 Kg7 28. f4 Qc7 29. Kf1 Qc5 30. Rxc4 bxc4 31. Qd4 Qxd4 32. cxd4 Kf7 33. Ke2 Ke7 34. Kd2 Kd7 35. Kc3 Kc6 36. Kb4 Kb6 37. a4 g4 38. a5+ Kc6 39. Ka4 Kb7 40. Kb4 Kc6 1/2-1/2

[Event "Muensterland Verbandsklasse 1516"]
[Site "Germany"]
[Date "2016.01.23"]
[Round "5.8"]
[White "Jacob, Barbara"]
[Black "Keller, Hansjuergen"]
[Result "1/2-1/2"]
[WhiteElo "1554"]
[BlackElo "1590"]
[PlyCount "47"]
[EventDate "2015.09.19"]
[EventType "team"]
[EventRounds "9"]
[EventCountry "GER"]
[SourceTitle "EXT 2017"]
[Source "ChessBase"]
[SourceDate "2016.10.25"]
[SourceVersion "1"]
[SourceVersionDate "2016.10.25"]
[SourceQuality "1"]
[WhiteTeam "Ochtrup"]
[BlackTeam "Nordwalde"]
[WhiteTeamCountry "GER"]
[BlackTeamCountry "GER"]

1. e4 d5 2. exd5 Qxd5 3. Nc3 Qa5 4. d4 c6 5. Bc4 Nf6 6. Bd2 Bf5 7. Nf3 e6 8. 0-0 Qc7 9. Ne5 Bd6 10. Re1 0-0 11. h3 Nbd7 12. Bf4 Nb6 13. Bb3 Nbd5 14. Nxd5 cxd5 15. c3 Nd7 16. Nxd7 Qxd7 17. Bxd6 Qxd6 18. Bc2 Bxc2 19. Qxc2 Rac8 20. Qe2 Rc4 21. a4 Qd7 22. a5 a6 23. Qd2 Rfc8 24. Re3 1/2-1/2

[Event "Muensterland Verbandsklasse 1415"]
[Site "Germany"]
[Date "2014.12.06"]
[Round "4.7"]
[White "Van de Laar, Han"]
[Black "Keller, Hansjuergen"]
[Result "1/2-1/2"]
[WhiteElo "1689"]
[BlackElo "1541"]
[PlyCount "44"]
[EventDate "2014.09.13"]
[EventType "team-tourn"]
[EventRounds "9"]
[EventCountry "GER"]
[SourceTitle "EXT 2016"]
[Source "ChessBase"]
[SourceDate "2015.10.08"]
[SourceVersion "1"]
[SourceVersionDate "2015.10.08"]
[SourceQuality "1"]
[WhiteTeam "Suedlohn II"]
[BlackTeam "Nordwalde"]
[WhiteTeamCountry "GER"]
[BlackTeamCountry "GER"]

1. Nf3 d5 2. c4 e6 3. cxd5 exd5 4. d4 Nf6 5. Nc3 c6 6. a3 Bd6 7. Bg5 Bf5 8. e3 Nbd7 9. Rc1 h6 10. Bh4 Qb6 11. b4 0-0 12. Be2 Rfc8 13. 0-0 a5 14. Na4 Qd8 15. Bg3 Bxg3 16. hxg3 axb4 17. axb4 Ne8 18. Nc5 Nd6 19. Nh4 Be6 20. Nxe6 fxe6 21. Ng6 Qf6 22. Nf4 e5 1/2-1/2